00320nam a22001097a 4500082001500000100003200015245004800047260004700095300002300142526003700165650000800202 a940.4bHIS aMacmlillan 7 Co, Ltd London aMilitary operations France and Belgium 1916 aLondon:bMacmlillan 7 Co, Ltd Londonc1932 aviii, 231p,;c16cm a0b0c0d940_400000000000000_HIS aMCE